<?xml version="1.0" encoding="UTF-8"?>
<record
    xmlns:xsi="http://www.w3.org/2001/XMLSchema-instance"
    xsi:schemaLocation="http://www.loc.gov/MARC21/slim http://www.loc.gov/standards/marcxml/schema/MARC21slim.xsd"
    xmlns="http://www.loc.gov/MARC21/slim">

  <leader>00693nam a22001817a 4500</leader>
  <controlfield tag="005">20260430103051.0</controlfield>
  <controlfield tag="008">260430b        |||||||| |||| 00| 0 eng d</controlfield>
  <datafield tag="020" ind1=" " ind2=" ">
    <subfield code="a">9780670091218</subfield>
  </datafield>
  <datafield tag="040" ind1=" " ind2=" ">
    <subfield code="c">VITAP</subfield>
  </datafield>
  <datafield tag="082" ind1=" " ind2=" ">
    <subfield code="2">23rd Ed.</subfield>
    <subfield code="a">635.9770954 NAG</subfield>
  </datafield>
  <datafield tag="100" ind1=" " ind2=" ">
    <subfield code="a">Nagendra, Harini</subfield>
    <subfield code="9">17439</subfield>
  </datafield>
  <datafield tag="245" ind1=" " ind2=" ">
    <subfield code="a">Cities and Canopies</subfield>
    <subfield code="b">: Trees in Indian Cities</subfield>
    <subfield code="c">/ Harini Nagendra and Seema Mundoli</subfield>
  </datafield>
  <datafield tag="260" ind1=" " ind2=" ">
    <subfield code="a">Gurugram</subfield>
    <subfield code="b">Penguin Random House India Pvt. Ltd.</subfield>
    <subfield code="c">2019</subfield>
  </datafield>
  <datafield tag="300" ind1=" " ind2=" ">
    <subfield code="a">x, 243p. : ill. ; 21cm</subfield>
  </datafield>
  <datafield tag="650" ind1=" " ind2="0">
    <subfield code="a">Trees in cities; Natural history; Urban ecology (Sociology); Natural history; Trees in cities; Urban ecology (Sociology)</subfield>
    <subfield code="2">       </subfield>
    <subfield code="9">17440</subfield>
  </datafield>
  <datafield tag="700" ind1=" " ind2=" ">
    <subfield code="a">Mundoli, Seema</subfield>
    <subfield code="9">17441</subfield>
  </datafield>
  <datafield tag="942" ind1=" " ind2=" ">
    <subfield code="2">ddc</subfield>
    <subfield code="c">BK</subfield>
  </datafield>
  <datafield tag="999" ind1=" " ind2=" ">
    <subfield code="c">47408</subfield>
    <subfield code="d">47408</subfield>
  </datafield>
  <datafield tag="952" ind1=" " ind2=" ">
    <subfield code="0">0</subfield>
    <subfield code="1">0</subfield>
    <subfield code="2">ddc</subfield>
    <subfield code="3">Hard Bound</subfield>
    <subfield code="4">0</subfield>
    <subfield code="7">0</subfield>
    <subfield code="8">REF</subfield>
    <subfield code="a">VSB</subfield>
    <subfield code="b">VITAP</subfield>
    <subfield code="c">REF</subfield>
    <subfield code="d">2026-04-17</subfield>
    <subfield code="e">Shah Book House Pvt. Ltd., Hyderabad</subfield>
    <subfield code="g">699.00</subfield>
    <subfield code="i">SBH/41139</subfield>
    <subfield code="l">0</subfield>
    <subfield code="o">635.9770954 NAG</subfield>
    <subfield code="p">025779</subfield>
    <subfield code="r">2026-04-30 10:35:00</subfield>
    <subfield code="v">699.00</subfield>
    <subfield code="w">2026-04-29</subfield>
    <subfield code="y">REF</subfield>
    <subfield code="z">GEN</subfield>
  </datafield>
  <datafield tag="952" ind1=" " ind2=" ">
    <subfield code="0">0</subfield>
    <subfield code="1">0</subfield>
    <subfield code="2">ddc</subfield>
    <subfield code="3">Hard Bound</subfield>
    <subfield code="4">0</subfield>
    <subfield code="7">0</subfield>
    <subfield code="a">VSB</subfield>
    <subfield code="b">VITAP</subfield>
    <subfield code="c">GEN</subfield>
    <subfield code="d">2026-04-17</subfield>
    <subfield code="e">Shah Book House Pvt. Ltd., Hyderabad</subfield>
    <subfield code="g">699.00</subfield>
    <subfield code="i">SBH/41139</subfield>
    <subfield code="l">0</subfield>
    <subfield code="o">635.9770954 NAG</subfield>
    <subfield code="p">025780</subfield>
    <subfield code="r">2026-04-30 10:35:50</subfield>
    <subfield code="v">699.00</subfield>
    <subfield code="w">2026-04-29</subfield>
    <subfield code="y">BK</subfield>
    <subfield code="z">GEN</subfield>
  </datafield>
</record>
